000 01028nam a2200265Ia 4500
003 OSt
005 20220918111958.0
006 a|||||r|||| 00| 0
007 ta
008 220915b |||||||| |||| 00| 0 hin d
020 _a8181820355 (hbk)
024 _a770
037 _b1998/I, 21/01/2009, Vidyanidhi Prakashan
037 _cTextbook
040 _bhin
_aARTS
_cARTS
041 _ahin
082 _aR60t85, 152P6
100 _aदया कृष्ण; गुप्ता, योगेश
_911575
245 0 _aभारतीय एंव पाश्चात्य दार्शनिक परम्पराएं
246 _aBhāratīya eanva pāshchātya dārshanik paramparāean
260 _aजयपुर
_bलिट्रेरी सर्किल भारत
_c2006
300 _a531पृ0
_ccm.
942 _hR60t85, 152P6
_cTB
_2CC
999 _c117671
_d117671